Leyes vigentes en materia de "Arrendamientos Rústicos" (Record no. 102531)

MARC details
000 -LEADER
campo de control de longitud fija 00788nam a2200229 i 4500
001 - NÚMERO DE CONTROL
campo de control 102531
003 - IDENTIFICADOR DE NÚMERO DE CONTROL
campo de control ES-MaACL
005 - FECHA Y HORA DE LA ÚLTIMA TRANSACCIÓN
campo de control 20250827062616.0
007 - CAMPO FIJO DE DESCRIPCIÓN FÍSICA--INFORMACIÓN GENERAL
campo de control de longitud fija t|
008 - DATOS DE LONGITUD FIJA--INFORMACIÓN GENERAL
campo de control de longitud fija 051117s1955 sp ||||1| spa d
110 1# - ENTRADA PRINCIPAL--NOMBRE DE ENTIDAD CORPORATIVA
Nombre de entidad corporativa o nombre de jurisdicción como elemento de entrada España
9 (RLIN) 3622
240 00 - TÍTULO UNIFORME
Título uniforme Leyes, etc., de arrendamientos rústicos
245 10 - MENCIÓN DEL TÍTULO
Título Leyes vigentes en materia de "Arrendamientos Rústicos"
Resto del título : incluyendo la de 15 de julio de 1954 /
Mención de responsabilidad, etc. anotada y puesta al día por Juan V. Fuentes Lojo.
260 ## - PUBLICACIÓN, DISTRIBUCIÓN, ETC.
Lugar de publicación, distribución, etc. Madrid :
Nombre del editor, distribuidor, etc. José María Bosch,
Fecha de publicación, distribución, etc. 1955.
300 ## - DESCRIPCIÓN FÍSICA
Extensión 186 p. ;
Dimensiones 18 cm.
490 1# - MENCIÓN DE SERIE
Mención de serie Códigos Bosch
650 ## - PUNTO DE ACCESO ADICIONAL DE MATERIA--TÉRMINO DE MATERIA
Término de materia o nombre geográfico como elemento de entrada Arrendamiento rústico-
Subdivisión geográfica España.
9 (RLIN) 168997
700 1# - ENTRADA AGREGADA--NOMBRE PERSONAL
Nombre de persona Fuentes Lojo, Juan V.
9 (RLIN) 52932
830 0# - PUNTO DE ACCESO ADICIONAL DE SERIE-TÍTULO UNIFORME
Título uniforme Códigos Bosch
9 (RLIN) 232524
852 ## - LOCALIZACIÓN
Ubicación ES-MaACL
Número de control de estantería C-9324
Sublocalización o colección R.37178
Holdings
Estatus retirado Estado de pérdida Estado de daño No para préstamo Biblioteca de origen Biblioteca actual Ubicación en estantería Fecha de adquisición Fuente de adquisición Total de préstamos Signatura topográfica completa Código de barras Visto por última vez Precio de reemplazo Tipo de ítem Koha
        Biblioteca del Ateneo de Madrid Biblioteca del Ateneo de Madrid Sala Palomar 17/01/2008     C-9324 1107027 23/02/2023 23/02/2023 Libro impreso